| 000 | 00987nam a22002417a 4500 | ||
|---|---|---|---|
| 005 | 20240222081505.0 | ||
| 008 | 240222b ||||| |||| 00| 0 eng d | ||
| 020 | _a9780314285416 | ||
| 020 | _a0314285415 | ||
| 040 |
_aCO-BoUCM _cDavid Moreno _dDavid Moreno |
||
| 041 | _aeng | ||
| 100 | 1 |
_aVarady, Tibor _d1939- _9180019 |
|
| 245 | 1 | 0 |
_aDocuments supplement to International commercial arbitration, a transnational perspective _c by Tibor Várady, John J. Barceló III, Arthur T. Von Mehren |
| 260 |
_aSt. Paul, MN _bWest Academic Publishing _c2015 |
||
| 300 | _aiv, 558 Paginas | ||
| 490 | _a Series: American casebook series | ||
| 650 | 1 | 7 |
_aArbitraje comercial internacional _xArbitraje y laudo _9180050 |
| 650 | 1 | 7 |
_aArbitraje comercial internacional _xConflicto de leyes _9180051 |
| 700 | 1 |
_aBarceló III, John J. _d1940- _9180052 |
|
| 700 | 1 |
_aVon Mehren, Arthur T. _9180053 |
|
| 942 |
_2DEWEY _a8 _cLIBRO _e1 _h341.522 _mT554i _n0 |
||
| 999 |
_c323915 _d323915 |
||